| 000 | 00555cam a2200217 4500 | ||
|---|---|---|---|
| 001 | D6129 | ||
| 008 | 090401t1983 xxu||||| |||| 00| 0 eng d | ||
| 035 | _a(Sirsi) u86282 | ||
| 041 | _aeng | ||
| 050 | _a333.3321 | ||
| 100 | _aHickmott, G.J.R. (ed) | ||
| 245 | _aInsurance valuations for buildings, machinery and plant in the United Kingdom | ||
| 250 | _a2nd | ||
| 260 |
_aLondon _bJohn Foord & Co _c1983 |
||
| 300 | _a22p. 21cm | ||
| 350 | _a0 | ||
| 520 | _aCover title | ||
| 710 |
_aJohn Foord & Co _92804 |
||
| 942 | _n0 | ||
| 948 | _c04/03/1997 | ||
| 999 |
_c97127 _d97127 |
||